Samuel Butler's notebooks / (Record no. 62976)
[ view plain ]
| 000 -LEADER | |
|---|---|
| fixed length control field | 00746nam a2200241 a 4500 |
| 001 - CONTROL NUMBER | |
| control field | 62976 |
| 003 - CONTROL NUMBER IDENTIFIER | |
| rucl marc code | BD-RjUL |
| 005 - DATE AND TIME OF LATEST TRANSACTION | |
| control field | 20211209081140.0 |
| 008 - FIXED-LENGTH DATA ELEMENTS--GENERAL INFORMATION | |
| fixed length control field | 170126s19521951enk 001 0 eng d |
| 035 ## - SYSTEM CONTROL NUMBER | |
| System control number | (BD-RjUL)63104 |
| 040 ## - CATALOGING SOURCE | |
| Original cataloging agency | BD-RjUL |
| Transcribing agency | BD-RjUL |
| Modifying agency | BD-RjUL |
| Language of cataloging | eng |
| 041 ## - LANGUAGE CODE | |
| Language code of text/sound track or separate title | eng |
| 082 ## - DEWEY DECIMAL CLASSIFICATION NUMBER | |
| Edition number | 23 |
| Classification number | 828.8 |
| Author mark and year | BUS 1952 |
| 100 1# - MAIN ENTRY--PERSONAL NAME | |
| Personal name | Butler, Samuel, |
| Dates associated with a name | 1835-1902. |
| 9 (RLIN) | 187296 |
| 245 10 - TITLE STATEMENT | |
| Title | Samuel Butler's notebooks / |
| Statement of responsibility, etc. | selections edited by Geoffrey Keynes and Brian Hill |
| 260 ## - PUBLICATION, DISTRIBUTION, ETC. (IMPRINT) | |
| Place of publication, distribution, etc. | London : |
| Name of publisher, distributor, etc. | Cape, |
| Date of publication, distribution, etc. | c1951 [reprinted 1952] |
| 300 ## - PHYSICAL DESCRIPTION | |
| Pagination | 327 p. ; |
| Size | 21 cm. |
| 500 ## - GENERAL NOTE | |
| General note | Includes index |
| 600 ## - SUBJECT ADDED ENTRY--PERSONAL NAME | |
| Personal name | Butler, Samuel, |
| Dates associated with a name | 1835-1902. |
| 700 1# - ADDED ENTRY--PERSONAL NAME | |
| Personal name | Keynes, Geoffrey, |
| Dates associated with a name | 1887-1982. |
| Personal name | Hill, Brian. |
| 942 ## - ADDED ENTRY ELEMENTS (KOHA) | |
| Source of classification or shelving scheme | Dewey Decimal Classification |
| Koha item type | Books |
| Lost status | Source of classification or shelving scheme | Damaged status | Not for loan | Collection code | Permanent Location | Current Location | Shelving location | Date acquired | Source of acquisition | Cost, normal purchase price | Total Checkouts | Full call number | Date last seen | Copy number | Koha item type |
|---|---|---|---|---|---|---|---|---|---|---|---|---|---|---|---|
| Dewey Decimal Classification | Not For Loan | Non-fiction | Central Library, University of Rajshahi | Central Library, University of Rajshahi | Reading Room | 06/04/1964 | Zeitlinger | 18.00 | 828.8 BUS 1952 | 26/01/2017 | C-1 | Books |